<?xml version="1.0" encoding="UTF-8"?>
<record
    xmlns:xsi="http://www.w3.org/2001/XMLSchema-instance"
    xsi:schemaLocation="http://www.loc.gov/MARC21/slim http://www.loc.gov/standards/marcxml/schema/MARC21slim.xsd"
    xmlns="http://www.loc.gov/MARC21/slim">

  <leader>01680nam0a2200337   4500</leader>
  <controlfield tag="001">RU\NLR\BIBL_A\022566559</controlfield>
  <controlfield tag="005">20250630183353.0</controlfield>
  <datafield tag="010" ind1=" " ind2=" ">
    <subfield code="9">500</subfield>
    <subfield code="a">5-7091-0089-7</subfield>
  </datafield>
  <datafield tag="035" ind1=" " ind2=" ">
    <subfield code="a">(NLR Aleph) 022566559</subfield>
  </datafield>
  <datafield tag="090" ind1=" " ind2=" ">
    <subfield code="a">13440436</subfield>
    <subfield code="c">13440436</subfield>
  </datafield>
  <datafield tag="100" ind1=" " ind2=" ">
    <subfield code="a">20250613d1997    |||y0rusy50      ca</subfield>
  </datafield>
  <datafield tag="101" ind1="0" ind2=" ">
    <subfield code="a">khk</subfield>
  </datafield>
  <datafield tag="102" ind1=" " ind2=" ">
    <subfield code="a">RU</subfield>
  </datafield>
  <datafield tag="105" ind1=" " ind2=" ">
    <subfield code="a">y   z   000 y</subfield>
  </datafield>
  <datafield tag="181" ind1=" " ind2="0">
    <subfield code="a">i </subfield>
    <subfield code="b">axxe  </subfield>
  </datafield>
  <datafield tag="182" ind1=" " ind2="0">
    <subfield code="a">n</subfield>
  </datafield>
  <datafield tag="200" ind1="1" ind2=" ">
    <subfield code="a">&#x41B;&#x438;&#x442;&#x435;&#x440;&#x430;&#x442;&#x443;&#x440;&#x430; &#x43D;&#x430;&#x443;&#x43A;&#x430;&#x437;&#x44B; &#x442;&#x435;&#x440;&#x43C;&#x438;&#x43D;&#x43D;&#x435;&#x440;&#x456;&#x43D;&#x456;&#x4A3; &#x43E;&#x440;&#x44B;&#x441;-&#x445;&#x430;&#x43A;&#x430;&#x441; &#x441;&#x4E7;&#x441;&#x442;&#x456;&#x433;&#x456;</subfield>
    <subfield code="e">&#x445;&#x430;&#x43A;&#x430;&#x441; &#x43B;&#x438;&#x442;&#x435;&#x440;&#x430;&#x442;&#x443;&#x440;&#x430;&#x437;&#x44B; &#x4F1;&#x433;&#x440;&#x435;&#x442;&#x447;&#x456;&#x43B;&#x435;&#x440;&#x456;&#x43D;&#x435; &#x43F;&#x43E;&#x441;&#x43E;&#x431;&#x438;&#x435;</subfield>
    <subfield code="e">&#x43D;&#x430;&#x430;&#x4CC;&#x44B;&#x43B;&#x430;&#x43B;&#x44B;&#x43F;, &#x456;&#x43A;&#x456;&#x43D;&#x4CC;&#x456;&#x437;&#x456;&#x43D; &#x441;&#x44B;&#x493;&#x430;&#x440;&#x44B;&#x43B;&#x447;&#x430;</subfield>
    <subfield code="f">&#x410;. &#x413;. &#x41A;&#x44B;&#x437;&#x43B;&#x430;&#x441;&#x43E;&#x432;&#x430;, &#x412;. &#x415;. &#x41C;&#x430;&#x439;&#x43D;&#x43E;&#x433;&#x430;&#x448;&#x435;&#x432;&#x430;, &#x421;. &#x410;. &#x41C;&#x430;&#x439;&#x43D;&#x430;&#x433;&#x430;&#x448;&#x435;&#x432;</subfield>
  </datafield>
  <datafield tag="203" ind1=" " ind2=" ">
    <subfield code="a">&#x422;&#x435;&#x43A;&#x441;&#x442;</subfield>
    <subfield code="b">&#x432;&#x438;&#x437;&#x443;&#x430;&#x43B;&#x44C;&#x43D;&#x44B;&#x439;</subfield>
    <subfield code="c">&#x43D;&#x435;&#x43F;&#x43E;&#x441;&#x440;&#x435;&#x434;&#x441;&#x442;&#x432;&#x435;&#x43D;&#x43D;&#x44B;&#x439;</subfield>
  </datafield>
  <datafield tag="205" ind1=" " ind2=" ">
    <subfield code="a">2-&#x435; &#x438;&#x437;&#x434;., &#x43E;&#x431;&#x43D;&#x43E;&#x432;&#x43B;&#x435;&#x43D;&#x43D;&#x43E;&#x435;</subfield>
  </datafield>
  <datafield tag="210" ind1=" " ind2=" ">
    <subfield code="a">&#x410;&#x493;&#x431;&#x430;&#x43D;</subfield>
    <subfield code="c">&#x425;&#x430;&#x43A;. &#x43A;&#x43D;. &#x438;&#x437;&#x434;-&#x432;&#x43E;&#x437;&#x44B;</subfield>
    <subfield code="d">1997</subfield>
  </datafield>
  <datafield tag="215" ind1=" " ind2=" ">
    <subfield code="a">54, [1] &#x441;.</subfield>
    <subfield code="d">20</subfield>
  </datafield>
  <datafield tag="330" ind1=" " ind2=" ">
    <subfield code="a">&#x41F;&#x43E;&#x441;&#x43E;&#x431;&#x438;&#x435; &#x434;&#x43B;&#x44F; &#x443;&#x447;&#x438;&#x442;&#x435;&#x43B;&#x435;&#x439; &#x43D;&#x430;&#x446;&#x438;&#x43E;&#x43D;&#x430;&#x43B;&#x44C;&#x43D;&#x44B;&#x445; &#x448;&#x43A;&#x43E;&#x43B; &#x43F;&#x43E; &#x438;&#x441;&#x43F;&#x43E;&#x43B;&#x44C;&#x437;&#x43E;&#x432;&#x430;&#x43D;&#x438;&#x44E; &#x43B;&#x438;&#x442;&#x435;&#x440;&#x430;&#x442;&#x443;&#x440;&#x43E;&#x432;&#x435;&#x434;&#x447;&#x435;&#x441;&#x43A;&#x438;&#x445; &#x442;&#x435;&#x440;&#x43C;&#x438;&#x43D;&#x43E;&#x432; &#x43D;&#x430; &#x445;&#x430;&#x43A;&#x430;&#x441;&#x441;&#x43A;&#x43E;&#x43C; &#x44F;&#x437;&#x44B;&#x43A;&#x435;.</subfield>
  </datafield>
  <datafield tag="541" ind1="1" ind2=" ">
    <subfield code="a">&#x421;&#x43B;&#x43E;&#x432;&#x430;&#x440;&#x44C; &#x43B;&#x438;&#x442;&#x435;&#x440;&#x430;&#x442;&#x443;&#x440;&#x43E;&#x432;&#x435;&#x434;&#x447;&#x435;&#x441;&#x43A;&#x438;&#x445; &#x442;&#x435;&#x440;&#x43C;&#x438;&#x43D;&#x43E;&#x432;</subfield>
    <subfield code="z">rus</subfield>
    <subfield code="e">&#x443;&#x447;&#x435;&#x431;&#x43D;&#x43E;&#x435; &#x43F;&#x43E;&#x441;&#x43E;&#x431;&#x438;&#x435;</subfield>
  </datafield>
  <datafield tag="686" ind1="1" ind2=" ">
    <subfield code="a">&#x427;426.21</subfield>
  </datafield>
  <datafield tag="700" ind1=" " ind2="1">
    <subfield code="a">&#x41A;&#x44B;&#x437;&#x43B;&#x430;&#x441;&#x43E;&#x432;&#x430;</subfield>
    <subfield code="b">&#x410;.&#x413;.</subfield>
    <subfield code="g">&#x410;&#x43D;&#x43D;&#x430; &#x413;&#x435;&#x440;&#x430;&#x441;&#x438;&#x43C;&#x43E;&#x432;&#x43D;&#x430;</subfield>
    <subfield code="4">070</subfield>
  </datafield>
  <datafield tag="701" ind1=" " ind2="1">
    <subfield code="a">&#x41C;&#x430;&#x439;&#x43D;&#x43E;&#x433;&#x430;&#x448;&#x435;&#x432;&#x430;</subfield>
    <subfield code="b">&#x412;. &#x415;.</subfield>
    <subfield code="g">&#x412;&#x430;&#x43B;&#x435;&#x43D;&#x442;&#x438;&#x43D;&#x430; &#x415;&#x432;&#x433;&#x435;&#x43D;&#x44C;&#x435;&#x432;&#x43D;&#x430;</subfield>
    <subfield code="4">070</subfield>
  </datafield>
  <datafield tag="701" ind1=" " ind2="1">
    <subfield code="a">&#x41C;&#x430;&#x439;&#x43D;&#x430;&#x433;&#x430;&#x448;&#x435;&#x432;</subfield>
    <subfield code="b">&#x421;. &#x410;.</subfield>
    <subfield code="g">&#x421;&#x435;&#x440;&#x433;&#x435;&#x439; &#x410;&#x43B;&#x435;&#x43A;&#x441;&#x430;&#x43D;&#x434;&#x440;&#x43E;&#x432;&#x438;&#x447;</subfield>
    <subfield code="4">070</subfield>
  </datafield>
  <datafield tag="852" ind1=" " ind2=" ">
    <subfield code="a">NLR</subfield>
    <subfield code="b">&#x41E;&#x41D;&#x41B;</subfield>
    <subfield code="j">&#x425;&#x430;&#x43A;&#x430;&#x441;./2-357</subfield>
  </datafield>
  <datafield tag="942" ind1=" " ind2=" ">
    <subfield code="c">BOOK</subfield>
  </datafield>
  <datafield tag="980" ind1=" " ind2=" ">
    <subfield code="a">NB</subfield>
  </datafield>
</record>
